| 000 | 00777nam a2200205 a 4500 | ||
|---|---|---|---|
| 003 | 0 | ||
| 005 | 20250228085234.0 | ||
| 008 | 100819s19uu xx 00 eng d | ||
| 050 |
_aPGS LB 1050.455 _b.V443 2010 |
||
| 100 | _aVeloso, Kenny. | ||
| 245 |
_aReading genre preferences and attitude towards reading / _cKenny Veloso. |
||
| 260 |
_aLas Piñas City, Philippines : _bSouthville International School and Colleges, _c2010. |
||
| 300 |
_a20 pages : _billustrations ; _c28 cm. |
||
| 504 | _aIncludes bibliographical references. | ||
| 650 | _aReading interests of children. | ||
| 650 | _aReading habits of elementary school students. | ||
| 650 |
_aAttitude towards reading _vGrade 6 students. |
||
| 650 |
_aChildren’s literature _vPreferences. |
||
| 942 |
_2lcc _cPASS |
||
| 999 |
_c98392 _d98392 |
||